Statistics for Melodiile din Nane-Smecherescu

Click here to take the quiz!

General Stats

  • This quiz has been taken 13 times
  • The average score is 9 of 15

Answer Stats

HintAnswer% Correct
4Berlin
100%
33 Lucruri
80%
15Val
80%
14Vorbesc Cu Mortii
80%
9Y-3
80%
12Amsterdam
60%
1Cand Ma-ntorc
60%
5Casa De Nebuni
60%
11Gen. 9
60%
7Gheng Gheng
60%
8Pe Nori
60%
13Teancuri
60%
2Coloana
40%
10Doar Fapte
40%
6B.M.V. 2.0
20%

Score Distribution

Percentile by Number Answered

Percent of People with Each Score

Your Score History

You have not taken this quiz